| 000 | 00000nam##2200000za#4500 |
| 001 | 9.624626 |
| 003 | CaOODSP |
| 005 | 20200327181108 |
| 007 | ta |
| 008 | 150406|1997||||xxc||||| f|0| 0 fre|d |
| 020 | |z0-662-82545-4 |
| 040 | |aCaOODSP|bfre |
| 043 | |an-cn--- |
| 086 | 1 |aR34-6/2-1997F |
| 110 | 1 |aCanada.|bAffaires indiennes et du Nord. |
| 245 | 10|aLes membres des Premières nations du Canada |
| 260 | |aOttawa - Ontario : |bAffaires indiennes et du Nord |c1997. |
| 300 | |a5p. : |bfigures ; |c28 cm. |
| 490 | 1 |aInformation |
| 563 | |aDépliant |
| 590 | |a98-04|b1998-01-23 |
| 776 | 0#|tLes membres des Premières nations du Canada : |w(CaOODSP)9.603121 |
| 830 | #0|aInformation.|w(CaOODSP)9.513210 |
| 986 | |aQS-6120-002-FF-A1 |